| 000 | 01018nam a2200217Ia 4500 | ||
|---|---|---|---|
| 003 | Ost | ||
| 005 | 20260507075416.0 | ||
| 008 | 260507s9999||||xx |||||||||||||| ||und|| | ||
| 020 | _a7594325557 | ||
| 040 | _cfsecg | ||
| 041 | _aara | ||
| 082 | _a330 | ||
| 100 |
_aالعزاوي، محمد عبد الوهاب محمد _eمؤلف |
||
| 245 | 0 |
_aالتسويق والمكانة الذهنية : _bمنظور إستراتيجي / _c محمد عبد الوهاب محمد العزاوي |
|
| 260 |
_aعمان: _bدار الحامد, _c2012 |
||
| 300 |
_a228 صفحة؛ _bإيضاحات ؛ _c24 سم |
||
| 520 | _aنظرة شمولية لمفهوم التسويق الحديث والتقسيم السوقي وتحديد الهدف السوقي، البيئة التسويقية، إستراتيجية تطوير المنتجات الجديدة ، سلوك الزبون، إستراتيجية المكانة الذهنية. | ||
| 653 | _aأدارة المبيعات | ||
| 653 | _aالتسويق | ||
| 942 | _cكتاب | ||
| 999 |
_c44448 _d44448 |
||